Movies Quiz

Random Movies or Clickable Quiz
Score 0/20 Timer 06:00
0 Plays Today
% Correct
How to Train Your Dragon 2
93.7%
Muppets Most Wanted
93.7%
Dawn of the Planet of the Apes
92.8%
Guardians of the Galaxy
92.8%
X-Men: Days of Future Past
91.9%
22 Jump Street
91.9%
Big Hero 6
91%
Godzilla
91%
The Hunger Games: Mockingjay - Part 1
91%
The Hobbit: The Battle of Five Armies
91%
% Correct
Lucy
89.2%
The Fault in Our Stars
88.3%
Captain America: The Winter Soldier
87.4%
Mr. Peabody and Sherman
86.5%
Interstellar
83.8%
Noah
83.8%
Penguins of Madagascar
82.9%
The Book of Life
74.8%
The Lego Movie
73.9%
Dolphin Tale 2
71.2%
Remove Ads.
Support Sporcle.
Get the best of Sporcle when you Go Orange. This ad-free experience offers more features, more stats, and more fun while also helping to support Sporcle. Thank you for becoming a member.

You're not logged in!

Compare scores with friends on all Sporcle quizzes.
OR
Log In

Show Comments

Extras

Created Dec 30, 2014ReportNominate
Tags:Clickable Quiz, 2014

Top Quizzes Today


Score Distribution

Your Account Isn't Verified!

In order to create a playlist on Sporcle, you need to verify the email address you used during registration. Go to your Sporcle Settings to finish the process.

Report this User

Report this user for behavior that violates our Community Guidelines.

Details: